000 00642nam a2200217 i 4500
001 60338
003 ES-MaACL
005 20240521134253.0
007 t|
008 031104s1968 sp ||||1|dcat d
080 _a821.134.11-1-82"19"
100 1 _aEspriu, Salvador,
_d1913-1985
_947947
245 1 0 _aObres completes /
_cSalvador Espriu ; introducción de J.M. Castellet.
250 _a1ª ed.
260 _aBarcelona :
_bEdicions 62,
_c1968.
300 _a1 v. ;
_c19 cm.
505 8 _aContiene: 1 ;
_tPoesía
700 1 _aCastellet, J. M.,
_d1926-2014
_9156498
852 _aES-MaACL
_jP-1330
999 _c60338
_d60338